| 000 | 01397cam a2200397 a 4500 | ||
|---|---|---|---|
| 001 | 9175053 | ||
| 003 | ARRUPE | ||
| 005 | 20150106020005.0 | ||
| 006 | m u | ||
| 007 | cr cn||||||||| | ||
| 008 | 100330s2010 enk sb 001 0deng d | ||
| 010 | _z 2010012596 | ||
| 020 | _z9780826498793 | ||
| 020 | _z9780826498809 | ||
| 020 | _z9781441135353 (e-book) | ||
| 035 | _a(CaPaEBR)ebr10438518 | ||
| 035 | _a(NNC)9175053 | ||
| 040 |
_aCaPaEBR _cCaPaEBR |
||
| 050 | 1 | 4 |
_aB765.T54 _bE19 2010eb |
| 082 | 0 | 4 |
_a189/.4 _222 |
| 100 | 1 |
_aEardley, Peter S. _911207 |
|
| 245 | 1 | 0 |
_aAquinas _ba guide for the perplexed / _cPeter S. Eardley and Carl N. Still. |
| 260 |
_aLondon ; _aNew York : _bContinuum, _cc2010. |
||
| 300 | _avii, 156 p. | ||
| 490 | 1 | _aGuides for the perplexed | |
| 504 | _aIncludes bibliographical references and index. | ||
| 533 |
_aElectronic reproduction. _bPalo Alto, Calif. : _cebrary, _d2011. _nAvailable via World Wide Web. _nAccess may be limited to ebrary affiliated libraries. |
||
| 600 | 0 | 0 |
_aThomas, _cAquinas, Saint, _d1225?-1274. _911208 |
| 655 | 7 |
_aElectronic books. _2local _911209 |
|
| 700 | 1 |
_aStill, Carl N. _911210 |
|
| 710 | 2 |
_aebrary, Inc. _911211 |
|
| 830 | 0 |
_aGuides for the perplexed. _911161 |
|
| 856 | 4 | 0 |
_uhttp://www.columbia.edu/cgi-bin/cul/resolve?clio9175053 _zClick here for full text. |
| 942 |
_2lcc _cMONOGRAPH _06 |
||
| 999 |
_c120820 _d120820 |
||